| 000 | 00554nam a22001697a 4500 | ||
|---|---|---|---|
| 003 | OSt | ||
| 005 | 20171010095450.0 | ||
| 008 | 120626t xxu||||| |||| 00| 0 eng d | ||
| 040 |
_aMMSU _cULS |
||
| 100 |
_aBarroga, Roger J., et al. _910714 |
||
| 245 |
_aOn the Job Training in Animal Science _cRoger J. Barroga |
||
| 260 | _c2008 | ||
| 300 |
_axxi, 92 leaves _c28 cm. |
||
| 500 | _aThesis (BS Agriculture-Animal Science) -- Mariano Marcos State University-College of Agriculture, Batac City | ||
| 504 | _aBibliography: None | ||
| 942 |
_2ddc _cTHEDIS |
||
| 999 |
_c9597 _d9597 |
||